Statistics for 15 Largest Countries in Asia

Click here to take the quiz!

General Stats

  • This quiz has been taken 116 times
    (85 since last reset)
  • The average score is 14 of 15

Answer Stats

Area (Sq Km) Country % Correct
13,130,000Russia
100%
9,596,960China
100%
3,287,590India
100%
1,648,000Iran
99%
803,940Pakistan
99%
1,960,582Saudi Arabia
97%
1,919,440Indonesia
97%
1,565,000Mongolia
94%
514,000Thailand
93%
2,717,300Kazakhstan
90%
756,816Turkey
90%
647,500Afghanistan
86%
678,500Myanmar
80%
488,100Turkmenistan
79%
527,970Yemen
71%

Score Distribution

Percentile by Number Answered

Percent of People with Each Score

Your Score History

You have not taken this quiz since the last reset